League of Legends Lore A-Z N2 - Statistiques

Statistiques générales
  • Ce quiz a été pris 97 fois
  • Le résultat moyen est 9 sur 26
Statistiques - réponses
Lettre Indice Réponse % Correct
Z Ville Souterraine Polluée Zaun
85%
C Cadette de la famille noxienne Du Couteau Cassiopeia
70%
X Enfant Ionien, Gladiateur Noxien et Soldat Demacien Xin Zhao
70%
I A conçu Gwen Isolde
61%
A Sœur d'Aphelios Alune
56%
U Ami de Lee Sin Udyr
56%
G Seule Lissandra peut la manier Glace Noire
53%
T Ceux qui ont réussi le Rituel de l'Ascension Transfigurés
53%
W Art Martial Ionien Wuju
52%
E A tué les parents de Vayne Evelynn
43%
L Bourgeon de l'Arbre des Rêves Lillia
43%
P Fleuve/Rivière qui passe la Cité du Progrès Pilt
38%
V Continent au Nord de Runeterra Valoran
35%
J Prénom de Swain Jericho
32%
S Monnaie utilisée à Bilgewater Serpent d'argent
30%
N Mère Serpent ou Grande Barbue Nagakabouros
28%
K Un des Hôtes de Varus Kai
23%
B Nom du minigun de Jinx Bang-bang
18%
R Démon des secrets Raum
16%
F Puissant clan dont fait partie Camille Ferros
13%
Y Caste régente à Ixtal Yun Tal
11%
D Maître de Maître Yi Doran
9%
Q Lieu où sont achevés les monstres marins à Bilgewater Quais-Abattoirs
9%
M Ancienne Manifestation du Crépuscule Myisha
8%
O Neeko est l'une des derniers représentants de cette tribu Vastaya Oovi-Kat
6%
H Ville de naissance de Garen et Lux Haut-Lac-d'Argent
3%
Aucun quiz correspondant
Distribution des résultats
% des personnes avec chaque résultat
Percentile par nombre de réponses
Votre historique - résultats
Vous n’avez pas pris ce quiz